00474nam a2200157 i 450000100060000000300090000600500170001500700030003200800410003510000260007624500750010225000120017726000550018930000480024485200240029273172ES-MaACL20230906171708.0t|040906s1919 sp ||||1| spa d1 aGómez Chaix, Pedro.10aLabor parlamentaria en octubre-diciembre 1916 / cPedro Gómez Chaix. a2ª ed. aMálaga : b[s.n.], c1919 (fImp. de El Popular) a112 p., : b1 lám. retr. autor ; c23 cm. aES-MaACLj1634-F-10